LEADER 03605nam 2200613Ia 450 001 9910451884703321 005 20200520144314.0 010 $a94-012-0544-2 010 $a1-4356-2310-X 024 7 $a10.1163/9789401205443 035 $a(CKB)1000000000482355 035 $a(EBL)556882 035 $a(OCoLC)712988559 035 $a(SSID)ssj0000250302 035 $a(PQKBManifestationID)12093195 035 $a(PQKBTitleCode)TC0000250302 035 $a(PQKBWorkID)10231496 035 $a(PQKB)10437457 035 $a(MiAaPQ)EBC556882 035 $a(OCoLC)191856349 035 $a(nllekb)BRILL9789401205443 035 $a(Au-PeEL)EBL556882 035 $a(CaPaEBR)ebr10380237 035 $a(EXLCZ)991000000000482355 100 $a20080206d2007 uy 0 101 0 $aeng 135 $aurun| uuuua 181 $ctxt 182 $cc 183 $acr 200 14$aThe St Gall passion play$b[electronic resource] $emusic and performance /$fPeter Macardle 210 $aAmsterdam $cRodopi$d2007 215 $a1 online resource (461 p.) 225 1 $aLudus ;$v10 300 $aDescription based upon print version of record. 311 $a90-420-2346-5 320 $aIncludes bibliographical references (p. [397]-458). 327 $aPreliminary Material -- Acknowledgements -- Introduction -- The Text and the Problem -- Liturgy and Localization -- Approaches -- ?Cantat? ? ?dicat? ? ?respondeat? Directions and Performers -- A note on the transcription and editing of text and notation -- Localizing the Play -- Before the Passion -- The Passion (1) -- The Passion (2) -- The Resurrection and the Harrowing of Hell -- The Empty Tomb -- Conclusions -- Bibliography. 330 $aThe early-fourteenth-century St Gall Passion Play comes from the Central Rhineland. Unfortunately its music (over one hundred Latin and German chants) is given in the manuscript only as brief incipits, without any musical notation. This interdisciplinary study reconstructs the musical stratum of the play. It is the first full-scale musical reconstruction of a large German Passion play in recent times, using the latest available scholarly data in drama, liturgy and music. It draws conclusions about performance practice and forces, and offers a sound basis for an authentic performance of the play. The study applies musical and liturgical data to the problem of localizing the play (the first time this has been systematically attempted), and assesses how applicable this might be to other plays. It presents a detailed study of the distinctive medieval liturgical uses of three German dioceses, Mainz, Speyer and Worms. The comparative approach suggests how the music of other plays might be reconstructed and understood, and shows that a better understanding of the music of medieval drama has much to teach us about other aspects of the genre. The book should be of interest to literary scholars, theatre historians, musicologists, liturgical scholars, and those involved in the performance of early drama. 410 0$aLudus ;$v10. 606 $aPassion-plays$xHistory and criticism 606 $aPassion-plays$xSongs and music$xHistory and criticism 608 $aElectronic books. 615 0$aPassion-plays$xHistory and criticism. 615 0$aPassion-plays$xSongs and music$xHistory and criticism. 676 $a792.16 700 $aMacardle$b Peter$0940795 801 0$bMiAaPQ 801 1$bMiAaPQ 801 2$bMiAaPQ 906 $aBOOK 912 $a9910451884703321 996 $aThe St Gall passion play$92121549 997 $aUNINA LEADER 04717oam 2200745I 450 001 9910464287303321 005 20170817195400.0 010 $a1-138-37701-5 010 $a0-203-80605-0 010 $a1-136-65261-2 024 7 $a10.4324/9780203806050 035 $a(CKB)3710000000133882 035 $a(EBL)1717723 035 $a(OCoLC)881887622 035 $a(SSID)ssj0001223985 035 $a(PQKBManifestationID)12414497 035 $a(PQKBTitleCode)TC0001223985 035 $a(PQKBWorkID)11259873 035 $a(PQKB)11113091 035 $a(OCoLC)884585205 035 $a(MiAaPQ)EBC1717723 035 $a(OCoLC)881839945 035 $a(EXLCZ)993710000000133882 100 $a20180706d2012 uy 0 101 0 $aeng 135 $aur|n|---||||| 181 $ctxt 182 $cc 183 $acr 200 10$aBreakdown and change of private interest governments /$flaudius Wagemann 210 1$aAbingdon, Oxon ;$aNew York :$cRoutledge,$d2012. 215 $a1 online resource (281 p.) 225 1 $aRoutledge/Warwick Studies in Globalisation ;$v23 300 $aDescription based upon print version of record. 311 $a1-306-89434-4 311 $a0-415-61135-0 320 $aIncludes bibliographical references and index. 327 $aCover; Title; Copyright; Dedication; Contents; List of illustrations; Acknowledgements; Abbreviations; Introduction; 1 The theoretical framework; 1.1 Interest intermediation between pluralism and corporatism; 1.2 The 'discovery' of the associability of business interests; 1.3 The 'discovery' of economic sectors as categories of analysis and the private interest government in the dairy sector; 1.4 Organizational properties as analytical units; 1.5 Population ecology and new institutionalist approaches to the study of interest groups; 2 Methodology and research techniques 327 $a2.1 Multi-method approaches in comparative case studies2.2 Case selection; 2.3 Data collection techniques; 3 From government to governance: organizational communities; 3.1 The situation of the dairy industry in four countries; 3.2 Associational sectoral governance in the early 1980s; 3.3 Changes in associational sectoral governance; 3.4 Liechtenstein: a counter-case to Switzerland; 3.5 Varieties of change; 4 From stability to enduring transformation: organizational populations; 4.1 The expansion of the Swiss associational system; 4.2 The concentration of the British associational system 327 $a4.3 Stabilization of the German associational system4.4 The transformation of the Austrian associational system; 4.5 Diverging and converging paths of change; 4.6 Organizational populations and organizations; 5 From influence to membership: individual organizations; 5.1 The structural component: towards parity and new forms; 5.2 Policy outputs: towards marketing and public relations; 6 Environments and organizational change; 6.1 Associations in the dairy sector after OBI: towards the COW model; 6.2 Perception: the professional staff and organizational decision-making 327 $a6.3 Embeddedness: organizational activity in a given environment6.4 Legitimacy: global and local trends; Conclusion; Appendix: English-language questionnaire; Notes; Bibliography; Index 330 $aPrivate Interest Governments were identified in the 1980s as a special form of public regulation in selected economic sectors, rivalling conventional market, state, or community-based forms of public order. This book examines how these institutional arrangements have changed since their identification. It takes into account external changes such as Europeanization, globalization, liberalization, and sector-specific developments, which have had an impact on even long-established public policies.Breakdown and Change of Private Interest Governments presents new empirical insights in changes which 410 0$aRoutledge/Warwick studies in globalisation ;$v23. 606 $aIndustrial policy 606 $aPressure groups$xEconomic aspects 606 $aCorporate state 606 $aEconomic policy 606 $aPublic goods 606 $aGlobalization$xEconomic aspects 608 $aElectronic books. 615 0$aIndustrial policy. 615 0$aPressure groups$xEconomic aspects. 615 0$aCorporate state. 615 0$aEconomic policy. 615 0$aPublic goods. 615 0$aGlobalization$xEconomic aspects. 676 $a338.9 700 $aWagemann$b Claudius.$0946403 801 0$bMiAaPQ 801 1$bMiAaPQ 801 2$bMiAaPQ 906 $aBOOK 912 $a9910464287303321 996 $aBreakdown and change of private interest governments$92138230 997 $aUNINA LEADER 00811nam a2200241 a 4500 001 991001334299707536 008 020 $a8883090098 035 $ab13356562-39ule_inst 040 $aDip.to di Studi Storici$bita 082 0 $a945.74107 100 1 $aMusi, Aurelio$05327 245 10$aSalerno moderna /$cAngelo Musi 260 $aCava de'Tirreni :$bAvagliano,$c1999 300 $a132 p. ;$c20 cm 440 0$aSegnature ;$v14 650 4$aSalerno$ySec.16.-18. 907 $a.b13356562$b21-09-06$c17-11-05 912 $a991001334299707536 945 $aLE023 945.74 MUS 1 1$g1$i2023000077023$lle023$o-$pE12.39$q-$rl$s- $t0$u1$v0$w1$x0$y.i14154055$z17-11-05 996 $aSalerno moderna$91093119 997 $aUNISALENTO 998 $ale023$b - - $cm$da $e-$fita$git $h0$i0